LEADER 01377nam a2200289 i 4500 001 000000245619 003 CaOOAMICUS 005 20151012000000.0 008 151012s2008 it u000 u ita u 013 $a224524 040 $aSeMil$bita 245 10$aBanche con l'anima :$btestimonianze sulle Banche di Credito Cooperativo da Wollemborg a Yunus 1883-2008 /$ca cura di Sergio Gatti ; prefazione di Stefano Zamagni ; con la collaborazione di Roberta Ferrari. 250 $aNuova edizione aggiornata e ampliata. 260 $aRoma :$bECRA,$c2008. 300 $aLII, 382 p. ;$c22 cm. 490 0 $aTestimonianze 500 $aContiene : Appendice. 650 4$aBanche di credito - Storia - Sec. 19.-20.$0(OLS)http://semarc/subject/42614 700 1 $aGatti, Sergio.$0(OLS)http://semarc/name/47116 700 1 $aFerrari, Roberta.$0(OLS)http://semarc/name/82549 700 1 $aZamagni, Stefano,$d<1943- >.$0(OLS)http://semarc/name/18841 830 0$aTestimonianze.$0(OLS)http://semarc/title/6368 850 $aSeMil 852 $aSeMil$W1$xVenegono$y1$m3M III 20$j195965$B195965$CSeMilBibl$Z2$F207905 $81 961 $aOmaggio: Martinelli don Romano 996 $6245$aBanche con l'anima :$btestimonianze sulle Banche di Credito Cooperativo da Wollemborg a Yunus 1883-2008$9(OLS)http://semarc/title/347223 996 $6260$aRoma :$bECRA$9(OLS)http://semarc/publisher/33150 LEADER 00749naa a2200145 i 4500 001 000000302246 003 CaOOAMICUS 005 20180831172737.0 008 180831n xx u000 u und u 013 $a9981 040 $aSeMil$bita 100 1 $aKühn, Ulrich <1932-2012>.$0(OLS)http://semarc/name/33149 245 10$aNova Lex :$bdie Eigenart der christlichen Ethik nach Thomas von Aq L.J. Elders and K. Hedwig... Città del Vaticano : Libreria Editr. 773 0 $tLex et libertas.$dRoma : Pontificia Accademia di S. Tommaso e di Religione Cattolica, 1987.$kStudi tomistici$w()36012 996 $6245$aNova Lex :$bdie Eigenart der christlichen Ethik nach Thomas von Aq L.J. Elders and K. Hedwig... Città del Vaticano : Libreria Editr$9(OLS)http://semarc/title/378230 LEADER 00591naa a2200145 i 4500 001 000000303367 003 CaOOAMICUS 005 20180831172758.0 008 180831n xx u000 u und u 013 $a11148 040 $aSeMil$bita 100 1 $aAngelini, Giuseppe,$c.$0(OLS)http://semarc/name/1093 245 13$aLa causa europea e la causa del cristianesimo. 773 0 $aAmbrosio, Gianni $tCaso Europa.$dMilano : Glossa, copyr. 1991.$kDisputatio $z88-7105-012-6$w()38320 996 $6245$aLa causa europea e la causa del cristianesimo$9(OLS)http://semarc/title/379337 LEADER 01349nam a2200313 i 4500 001 000000100845 003 CaOOAMICUS 005 20180226000000.0 008 180226s2005 xx u000 u por u 013 $a72997 020 $a972-751-709-9 040 $aSeMil$bita 100 1 $aTettamanzi, Dionigi,$c.$0(OLS)http://semarc/name/89456 240 10$aQuesta è la nostra fede!.$0(OLS)http://semarc/title/406770 245 10$aEsta é a nossa fé! :$bexplição do Credo /$cDionigi Tettamanzi. 260 $aPrior Velho :$bPaulinas,$c2005. 300 $a155 p. ;$c21 cm. 490 0 $aCrescer na fé ;$v17 500 $aOmaggio card. Dionigi Tettamanzi. 650 4$aSimboli di fede - Simbolo Apostolico - Catechesi.$0(OLS)http://semarc/subject/4831 650 4$aSimboli di fede - Commenti.$0(OLS)http://semarc/subject/2078 830 0$aCrescer na fé ;$v17.$0(OLS)http://semarc/title/400699 850 $aSeMil 852 $aSeMil$W1$xVenegono$y1$m2F III 596$j256424$B57863$CSeMilBibl$Z2$F68356 $81 941 1 $a5 961 $aLascito: Tettamanzi Card. Dionigi 996 $6020$a972-751-709-9$9(OLS)http://semarc/number/272557 996 $6245$aEsta é a nossa fé! :$bexplição do Credo$9(OLS)http://semarc/title/406769 996 $6260$aPrior Velho :$bPaulinas$9(OLS)http://semarc/publisher/55688